[Event "VISA Nordic GP Final"]
[Site "Gentofte"]
[Date "1999.08.07"]
[Round "1"]
[White "Westerinen, Heikki MJ"]
[Black "Schandorff, Lars"]
[Result "1/2-1/2"]
[WhiteElo "2382"]
[BlackElo "2514"]
[Annotator "Gershon,A"]
[PlyCount "88"]
[EventDate "1999.08.05"]
[EventType "tourn"]
[EventRounds "13"]
[EventCountry "DEN"]
[EventCategory "9"]
[SourceTitle "CBM 073"]
[Source "ChessBase"]
[SourceDate "1999.12.01"]
[SourceVersion "1"]
[SourceVersionDate "1999.12.01"]
[SourceQuality "1"]

1. e4 c5 2. Nf3 Nc6 3. Bb5 e6 4. O-O Nge7 5. c3 a6 6. Ba4 b5 7. Bc2 Bb7 8. Re1
Rc8 9. a3 (9. a4 b4 (9... Ng6 10. axb5 axb5 11. d4 cxd4 12. cxd4 Nb4 13. Bb3
Rxc1 14. Qxc1 Nd3 15. Qe3 Nxe1 16. Qxe1 Bd6 17. Nbd2 O-O 18. e5 Bb8 $11 {
1/2-1/2 Kholmov,R-Goloshchapov,A/Mlada Boleslav op 1995/EXT 97 (38)}) 10. d3 (
10. d4 bxc3 11. d5 Nb4 12. Nxc3 Ng6 13. Bb1 Be7 14. g3 O-O 15. h4 d6 16. h5 Ne5
17. Nxe5 dxe5 18. dxe6 fxe6 19. Qg4 Qb6 20. Be3 Rcd8 $17 {[%csl Ga1,Gb1] 0-1
Smyslov,V-Ivanchuk,V/Tilburg 1994/CBM 44 (60)}) 10... Ng6 11. Nbd2 Be7 12. Nf1
(12. d4 bxc3 13. bxc3 cxd4 14. cxd4 Nb4 15. Bb1 Qc7 16. Ba3 O-O 17. Re3 Nc2 18.
Bxc2 Qxc2 19. Qxc2 Rxc2 20. Bxe7 Nxe7 21. Rb3 Ba8 22. Rb6 Rfc8 23. Kf1 f5 24.
exf5 Nxf5 $17 {1/2-1/2 Slobodjan,R-Glek,I/Bonn 1995/CBM 45 (42)}) 12... O-O 13.
Ng3 d5 14. Bd2 a5 15. Qe2 Ba6 16. e5 bxc3 17. bxc3 d4 18. c4 Nb4 19. Bd1 Bb7
20. Nh5 Bxf3 $1 21. gxf3 Bg5 22. f4 Bh6 23. Qf3 Rb8 24. Kh1 Kh8 25. Rg1 Qe7 26.
Rg3 $17 {[%csl Gd1,Gd2][%cal Gg6h4,Gh4f5] 0-1 Torre,E-Stefansson,H/Elista 1998/
CBM 66 ext (53)}) 9... c4 $146 (9... d5 10. d4 cxd4 11. cxd4 dxe4 12. Bxe4 Na5
$2 13. Bxb7 Nxb7 14. Nc3 $32 Ng6 15. d5 Be7 16. dxe6 O-O 17. exf7+ Rxf7 18.
Qxd8+ Rxd8 19. Bg5 $18 {1-0 Pyhala,A-Hokkanen,P/Jyvaskyla 1994/EXT 97 (50)})
10. d4 (10. e5 $6 Ng6 11. Be4 Qc7 12. d4 cxd3 13. Bg5 d6 14. exd6 Bxd6 15. Qxd3
$11) 10... cxd3 11. Qxd3 Ng6 12. Nbd2 $6 {[%cal Gd2b3,Gb3d4]} (12. a4 $2 b4 13.
Nbd2 bxc3 14. bxc3 Qc7 {[%cal Gc8c1]}) ({better was:} 12. Be3 Be7 (12... Nce5
$6 {Black should first develope his king side before he begins any kind of
action on the queen side.} 13. Nxe5 Nxe5 14. Qe2 Nc4 15. Bc1 $16 {[%cal Gb2b3,
Yc1b2,Yb2h8]}) 13. Nbd2 O-O 14. Rad1 {[%csl Gd1][%cal Gd2b3,Ge3c1]} Nce5 {
Otherwise white will play Nb3 and on Nc4 will have the Bc1 retreat while his
rook is in the game.} 15. Nxe5 Nxe5 16. Qe2 Nc4 17. Nxc4 bxc4 {[%csl Gb2]} 18.
e5 {[%csl Gh7]} Qc7 19. Qg4 $36 {White has the initiative, which isn't, to my
opinion, fully compesated by queen side weaknesses.}) 12... Be7 13. Nb3 Qc7 {
[%cal Gg6f4]} 14. Nbd4 (14. Be3 Nge5 15. Nxe5 Nxe5 16. Qe2 Nc4 17. Bc1 (17. Bd4
e5 18. Be3 Nxb2 $17) 17... O-O $11) 14... O-O 15. Be3 (15. e5 {[%cal Gh2h5]}
Rfd8 {[%cal Gg6f8]} 16. Qe2 (16. h4 $2 Nxd4 17. Qxd4 (17. Nxd4 Bxh4 $17) 17...
Bxf3 18. Bxg6 fxg6 19. gxf3 Rf8 $17) 16... d6 $132) 15... Nce5 16. Nxe5 Nxe5
17. Qe2 Nc4 18. Bc1 Bf6 $11 {[%csl Gc4]} 19. Nf3 {[%cal Gf3d2,Yc1g5,Re4e5]} g6
{[%cal Gf6g7,Yc2g6] Making room for the bishop and closing the b1-h7 /^} (19...
d6 20. Rb1 (20. Bg5 $2 Nxb2 (20... Bxg5 21. Nxg5 h6 $17) 21. Bxf6 (21. e5 Bxf3
$19) 21... gxf6 22. e5 Qxc3 23. Rac1 Bxf3 $1 $19) 20... g6 21. Bh6 Rfe8 {-game}
) 20. Bh6 Rfe8 21. Rab1 d6 $6 (21... a5 $142 {Black has to quickly exploit the
beautiful position of his knight on c4 before it gets exchanged} 22. Nd2 (22.
e5 $2 Bxf3 23. Qxf3 Bxe5 $19) 22... Nxd2 (22... b4 $2 23. Nxc4 Qxc4 24. Qxc4
Rxc4 25. Bd3 Rc6 26. axb4 axb4 27. cxb4 $16) (22... d5 $2 {[%cal Gb5b4]} 23.
Nxc4 (23. exd5 Bxd5 24. Ne4 Bxe4 25. Bxe4 Red8 $15) 23... dxc4 24. e5 Bh8 25.
Bg5 $16 {[%cal Gd1d8]}) 23. Bxd2 (23. Qxd2 b4 $17) 23... b4 (23... Be5 24. f4 (
24. g3 b4 25. f4 Bg7 $17 {[%csl Gg1]}) 24... Bxf4 25. Bxf4 Qxf4 26. Qxb5 Qc7
$11) 24. e5 Bg7 $15) 22. Nd2 Nxd2 (22... d5 23. Nxc4 bxc4 24. e5 Bh8 25. Rbd1
$16 {[%csl Gh7][%cal Gd1d4]}) 23. Qxd2 d5 24. exd5 Bxd5 25. Qf4 $2 {In the
endgame white will stand much worse than with the queens on the board. After
the queen change we get the famous sicilian endgame which is better for black.}
(25. Qe3 $15 {[%cal Gb1d1,Ge3h3]}) 25... Qxf4 26. Bxf4 Red8 (26... a5 27. Be5
$2 (27. Be4 Red8 {-26...Red8}) 27... Bxe5 28. Rxe5 b4 29. axb4 axb4 30. Ba4
Red8 31. cxb4 Rc4 $17 {[%csl Gb2] Black will double his rooks on the b file
tying up white pieces to the defence of the 'b' P and then begin the assault
on white's position on the king side.White's best chance seems to give up the
b pawn while exchanging the bishops and one pair of rooks and then hold the 4
vs 3 rook engame.}) 27. Be4 Bxe4 $6 (27... a5) (27... g5 $1 28. Bxd5 (28. Bg3
Bxe4 29. Rxe4 Rd2 $17) 28... Rxd5 29. Be3 Rcd8 30. Ra1 h5 31. a4 Rb8 32. axb5
Rdxb5 33. Bc1 a5 $15) 28. Rxe4 Rc4 (28... a5 29. Be5 $11) 29. Rxc4 bxc4 {
[%csl Ga3,Gb2,Gc3,Rc4,Gf4]} 30. Re1 g5 31. Be3 Rd5 $2 {Allows white to fix the
g5 pawn on a dark square which would have reasonably reduce black's winning
chances} (31... h5 {[%cal Gg5g4]}) 32. Kf1 $6 (32. g4) 32... Kf8 33. Ke2 Ke7
34. Rd1 Kd6 (34... Rxd1 35. Kxd1 g4 36. Kc2 Be5 37. h3 gxh3 38. gxh3 Kd6 39. b3
Kd5 40. a4 h5 41. b4 f5 (41... Ke4 42. b5 axb5 43. a5 Kd5 44. a6 Kc6 45. a7 Kb7
46. Bc5 $11) 42. b5 $1 axb5 43. a5 Kc6 (43... f4 44. a6 Kc6 (44... fxe3 $4 45.
a7 exf2 46. a8=Q+ $18) 45. a7 Kb7 46. Bc5 {no way for black to progress}) 44.
a6 Bd6 45. a7 Kb7 46. f3 $11) 35. g4 Rxd1 36. Kxd1 Kd5 37. f3 Be7 38. Kc2 f5
39. h3 {Because of the pawn on g5 black cannot break through} f4 (39... Ke5 40.
b3) 40. Bb6 e5 41. Kd2 Kc6 42. Ba5 Kd5 43. a4 e4 44. Ke2 Bf6 (44... Bc5 $2 {
[%cal Gc5e3,Ge3c1,Gc1b2]} 45. Bd8 h6 (45... Be3 46. Bxg5 Bc1 47. h4 Bxb2 48.
Bf6 {[%cal Gh4h5,Gg4g6,Yh5h8]}) 46. Bf6 Be3 47. Bg7 Bc1 48. Bxh6 Bxb2 49. Bxg5
Bxc3 50. Bxf4 {and it is white who wins}) 1/2-1/2

[Event "VISA Nordic GP Final"]
[Site "Gentofte"]
[Date "1999.08.07"]
[Round "1"]
[White "Hansen, Sune Berg"]
[Black "Agdestein, Simen"]
[Result "1-0"]
[WhiteElo "2558"]
[BlackElo "2580"]
[Annotator "Gershon,A"]
[PlyCount "103"]
[EventDate "1999.08.05"]
[EventType "tourn"]
[EventRounds "13"]
[EventCountry "DEN"]
[EventCategory "9"]
[SourceTitle "CBM 073"]
[Source "ChessBase"]
[SourceDate "1999.12.01"]
[SourceVersion "1"]
[SourceVersionDate "1999.12.01"]
[SourceQuality "1"]

1. e4 c5 2. Nf3 Nc6 3. Nc3 Nf6 4. Bb5 Nd4 5. e5 Nxb5 6. Nxb5 Nd5 7. Ng5 f5 8.
O-O (8. Qf3 e6 9. h4 a6 10. Nc3 Nb4 11. Kd1 Be7 12. d3 O-O 13. Qh5 h6 14. Qg6
hxg5 15. hxg5 Bxg5 16. Rh7 Qe7 17. Qh5 Bh6 18. Bxh6 Qf7 19. Rxg7+ Qxg7 20. Bxg7
Kxg7 21. Kd2 b6 22. Rh1 Rg8 23. Qg5+ {1-0 Brajovic,R-Veneteanu,I/TIT Festival,
Bucharest ROM 1999 (23)}) 8... a6 (8... g6 9. d4 Nc7 10. Qe2 h6 11. Nf3 Nxb5
12. Qxb5 e6 13. dxc5 $16 {0-1 Polovnikova,E-Cmilyte,V/Rimavska Sobota 1996/EXT
97 (86)}) (8... e6 9. d4 b6 10. c4 Ba6 11. cxd5 Bxb5 12. dxe6 Bxf1 13. Nf7 Qh4
14. Qxf1 Rg8 15. Qb5 Rd8 16. Bg5 {1-0 Klimov,S-Hedman,E/IM Salongernas,
Stockholm SWE 1999 (16)}) 9. Nc3 Nxc3 10. dxc3 e6 11. Qf3 (11. Re1 Qc7 12. Qf3
g6 13. Qg3 b6 14. Nh3 Bg7 15. Bg5 O-O 16. Be7 Re8 17. Bd6 Qc6 18. Nf4 Bb7 19.
Qg5 Qc8 20. Rad1 Be4 21. h4 Qd8 22. Qg3 Kh8 23. f3 Bxc2 24. Rd2 Ba4 25. Nh3 $36
{1/2-1/2 Zezulkin,J-Agamaliev,G/Polanica Zdroj POL 1999 (38)}) 11... g6 12. Qg3
b6 13. h4 Bb7 14. Rd1 Qc7 15. Bf4 Qc6 $2 (15... h6 $4 16. Nxe6 (16. Nf3 Rg8 (
16... Kf7 17. h5 g5 18. Bxg5 hxg5 19. Nxg5+ Ke7 20. Nf7 Kxf7 21. Qg6+ Ke7 22.
Qf6+ Ke8 23. Qxh8 $16) 17. Rd2 O-O-O $14) 16... dxe6 17. Qxg6+ Qf7 18. Qxf7+
Kxf7 19. Rd7+ $16) (15... Bc6 $142 {Black should have the bishop defending on
the d7 pawn, because he cannot prevent white bishop from getting to the h4-d8 /
^ and, therefore, weakenning the pawn} 16. Nf3 O-O-O 17. Bg5 Re8) 16. Nf3 O-O-O
(16... Be7 17. Bg5 {[%csl Gd6,Ge7,Gf6,Gg7] With the exchange of the dark
colour bishops the black squares will be a very easy target for white's pieces.
}) 17. Bg5 {[%csl Gd8][%cal Gg5d8]} Re8 18. Bf6 Rg8 19. Rd2 h6 $2 ({There
still had time to correct the mistake and bring the bishop to the defense:} 
19... Qc7 20. Rad1 Bc6 $11) 20. Rad1 g5 (20... Qc7 21. Rxd7 Qxd7 22. Rxd7 Kxd7
23. Nd2 b5 24. c4 $16) 21. Rxd7 ({also possible was:} 21. hxg5 hxg5 22. Nxg5 f4
23. Qg4 Bh6 24. Rxd7 (24. f3) 24... Bxg5 25. Bxg5 Qxg2+ (25... Qxd7 26. Rxd7
Kxd7 27. Qxf4 Ref8 28. Qd2+ Kc8 29. Qd6 $16) 26. Qxg2 Bxg2 27. Kxg2 Rxg5+ 28.
Kf3 Rxe5 29. Ra7 Rd5 30. Rxd5 exd5 31. Ra8+ Kd7 32. Rxe8 Kxe8 33. Kxf4 $18)
21... g4 22. Ne1 Qxd7 23. Rxd7 Kxd7 24. Nd3 {[%csl Ge8,Gg8] From the material
point of view black stands fine, but there is one 'tiny' problem: both his
rooks are completely paralized by the bishop on f6. Unfortunately for black he
cannot exchange the black bishops because of the dark squares weakness.} c4 (
24... Be7 25. Qe3 (25. Nf4 Kc8 26. Qd3 Rd8 27. Qc4) 25... g3 26. f3 $16 {
[%csl Gb7,Gg3,Gh6]}) 25. Nf4 Bc5 26. b4 $1 {Forcing further weakenning of
black's position.} cxb3 (26... Bf8 27. Qe3 Kc7 28. Qd4 $18) 27. cxb3 b5 28.
Qd3+ Kc8 29. Kf1 Bb6 (29... g3 30. f3 Be7 31. Nxe6 $1 Bxf6 32. exf6 Rxe6 33.
Qxf5 $18) 30. Qd6 $18 {[%csl Ge8,Gg8]} Bc7 31. Qc5 Rgf8 32. c4 $2 (32. Nxe6 {
would force an immediate resignation} Rf7 33. Ng7 Rg8 34. Nxf5 $18) 32... Rf7 (
32... Kb8 33. cxb5 Rxf6 34. exf6 Bxf4 35. f7 $18) (32... bxc4 33. Nxe6) 33.
cxb5 axb5 34. Qxb5 {[%csl Ge8,Gf7][%cal Ga2a8] The rest is pointless, black
has no chances with his pieces being so discoordinated} Rd7 35. a4 Be4 36. a5
Rf8 37. Qc5 Re8 38. Ke2 Bb7 39. Qb5 Bb8 40. a6 Be4 41. f3 gxf3+ 42. gxf3 Ba8
43. h5 $1 {When his job on f6 is done the bishop joins his qeen for the final
punch.} Ba7 44. Bh4 Bg1 45. Bf2 Bxf2 46. Kxf2 Ree7 47. Qb6 Rc7 48. Nxe6 Rc2+
49. Kg3 Re8 50. a7 Rc3 51. Qa6+ Kd7 52. Nc5+ (52. Nc5+ Ke7 (52... Rxc5 53. Qd6+
Kc8 54. Qxc5+) 53. Qf6#) 1-0

[Event "VISA Nordic GP Final"]
[Site "Gentofte"]
[Date "1999.08.08"]
[Round "2"]
[White "Westerinen, Heikki MJ"]
[Black "Gausel, Einar"]
[Result "1/2-1/2"]
[WhiteElo "2382"]
[BlackElo "2500"]
[Annotator "Gershon,A"]
[PlyCount "48"]
[EventDate "1999.08.05"]
[EventType "tourn"]
[EventRounds "13"]
[EventCountry "DEN"]
[EventCategory "9"]
[SourceTitle "CBM 073"]
[Source "ChessBase"]
[SourceDate "1999.12.01"]
[SourceVersion "1"]
[SourceVersionDate "1999.12.01"]
[SourceQuality "1"]

1. e4 c5 2. Nf3 Nc6 3. Bb5 e6 4. O-O Nge7 5. Nc3 Nd4 6. Nxd4 cxd4 7. Ne2 a6 8.
Ba4 b5 (8... Nc6 9. d3 (9. c3 d3 10. Ng3 b5 11. Bb3 h5 12. h3 Bc5 13. e5 Nxe5
14. Ne4 Bb6 15. Nd6+ Ke7 16. Nxc8+ Rxc8 17. Qe1 Qc7 18. Kh1 g5 $17 {[%csl Ga1,
Gc1] 0-1 Pira,D-Vaisser,A/FRA-chT 1993/TD (32)}) 9... Bc5 (9... Be7 10. c3 b5
11. Bb3 dxc3 12. bxc3 Bb7 13. Ng3 O-O 14. Qg4 Ne5 15. Qe2 Nc6 16. Qg4 Kh8 17.
Bb2 Na5 18. f4 Qb6+ 19. Kh1 Nxb3 20. axb3 f6 21. f5 Rfe8 22. Nh5 Bf8 23. Ba3
exf5 24. Rxf5 d6 25. Qg3 Qc7 26. Bb2 Re5 {1/2-1/2 Illescas Cordoba,M-Ivanchuk,
V/Terrassa 1991/CBM 24 (26)}) 10. f4 (10. c4 Rb8 $6 11. Bf4 d6 12. b4 Bxb4 13.
Nxd4 Bd7 14. Nxc6 bxc6 15. d4 $32 {1/2-1/2 Watson,W-Nunn,J/Kilkenny 1996/CBM
55 ext (35)}) 10... d5 11. Ng3 dxe4 12. Nxe4 {1/2-1/2 Glek,I-Nunn,J/BL9596
1996/GER-chT (12)}) 9. Bb3 Nc6 10. d3 Bc5 (10... Be7 11. f4 O-O 12. f5 Na5 13.
Nf4 (13. Ng3 Nxb3 14. axb3 Kh8 15. Nh5 d5 16. f6 $5 gxf6 17. e5 $1 f5 {[%csl
Gc8]} 18. Bf4 Rg8 19. Qe2 Bb7 20. Rf3 Rg4 21. Raf1 Rc8 22. Nf6 $44 {1-0
Eismont,O-Rogovski,V/Alushta 1997/EXT 99 (25)}) 13... Nxb3 14. axb3 exf5 15.
exf5 Bb7 16. Nh5 f6 17. Qg4 Rf7 18. Qxd4 Qc7 19. Qf2 b4 20. Bf4 Qc6 21. Rae1
Bc5 22. Be3 Rc8 23. Bxc5 Qxc5 24. Qxc5 Rxc5 25. Re2 $16 {1-0 Yudasin,
L-Moiseenko,A/Krynica 1997/CBM 62 (57)}) 11. f4 Qh4 12. Ng3 Bb7 13. Qh5 (13. f5
Bd6 (13... Ne5 $2 14. Rf4 Qe7 15. Nh5 $40 {[%cal Gf5f6]}) 14. Qf3 O-O 15. f6 (
15. a4 $36) 15... gxf6 (15... Qxf6 16. Qxf6 gxf6 17. Bh6 Rfc8 18. Nh5 $16) (
15... g6 {[%csl Gh4]} 16. Bf4 Bxf4 17. Qxf4 Qxf4 18. Rxf4 $14) 16. Qxf6 Qxf6
17. Rxf6 Bxg3 18. hxg3 Ne5 19. Bd2 $36) 13... Be7 (13... Qxh5 14. Nxh5 O-O 15.
f5 $14) 14. f5 g6 15. Qxh4 Bxh4 16. Bh6 $2 {letting the advantage go} (16. fxe6
$142 {If black takes with the f pawn white will have the f file permanently 
(after playing Bh6), and after taking with the d pawn black will have problems
with his f pawn} dxe6 (16... fxe6 17. Bh6 $16) 17. Bh6 {[%cal Gf1f3,Ga1f1]} a5
18. a4 $16) 16... Bxg3 17. hxg3 gxf5 18. exf5 Rg8 19. fxe6 dxe6 {The huge
difference is that now black has a counterplay against white's doubled pawns}
20. Bf4 O-O-O 21. Rfe1 Rg6 22. Kf2 Rdg8 23. Rh1 R8g7 24. Rh5 Kd7 (24... Kd7 25.
Rah1 e5 26. Bd2 (26. Bxe5 Nxe5 27. Rxe5 Rxg3 $17) 26... Rxg3 27. Bd5 $11) (
24... e5 $5 25. Rxe5 $1 Nxe5 26. Bxe5 f6 27. Be6+ Kd8 28. Bxd4 $13) 1/2-1/2

[Event "VISA Nordic GP Final"]
[Site "Gentofte"]
[Date "1999.08.16"]
[Round "9"]
[White "Hector, Jonny"]
[Black "Schandorff, Lars"]
[Result "1-0"]
[WhiteElo "2505"]
[BlackElo "2514"]
[Annotator "Gershon,A"]
[PlyCount "57"]
[EventDate "1999.08.05"]
[EventType "tourn"]
[EventRounds "13"]
[EventCountry "DEN"]
[EventCategory "9"]
[SourceTitle "CBM 073"]
[Source "ChessBase"]
[SourceDate "1999.12.01"]
[SourceVersion "1"]
[SourceVersionDate "1999.12.01"]
[SourceQuality "1"]

1. e4 c5 2. Nf3 Nc6 3. Nc3 e5 4. Bc4 d6 5. d3 Be7 6. Nd2 Nf6 (6... Bg5 7. h4 (
7. Nf1 Bxc1 8. Rxc1 Nh6 9. Ne3 O-O 10. Qh5 Kh8 11. O-O f5 12. exf5 Nxf5 13. Ne4
Nh6 14. c3 Ne7 15. Nd5 b5 16. Nxe7 Bg4 $1 17. Qg5 bxc4 {[%csl Ge7]} 18. f3 Be6
19. dxc4 Nf7 20. Qh4 g5 21. Ng6+ Kg8 22. Qh5 Re8 23. Rcd1 Bxc4 24. h4 Kg7 25.
Nxg5 Nxg5 26. hxg5 Bxf1 27. Kxf1 Re6 28. Nh4 Kh8 29. Qg4 Qg8 30. Nf5 Qg6 31.
Qe4 Rd8 32. Kf2 d5 33. Qg4 d4 $17 {0-1 Garcia,G-Shabalov,A/Toronto 1998/CBM 65
ext (42)}) 7... Bh6 8. Qh5 g6 9. Qd1 Nf6 10. Nf1 Bxc1 11. Qxc1 Be6 12. Ne3 Qd7
13. Ncd5 Bxd5 14. Nxd5 Nxd5 15. Bxd5 O-O-O 16. c3 f6 17. Qe3 Ne7 18. Bb3 Qg4
19. Kf1 Kb8 20. h5 Rdf8 21. Qh3 $14 {1-0 Anand,V-Yakovich,Y/Geneva 1996/CBM 54
ext (50)}) 7. Nf1 Bg4 8. f3 Be6 (8... Bd7 $6 9. Ne3 O-O 10. a3 Nd4 11. Ba2 Rc8
12. O-O Be6 13. Bd2 Qd7 14. Ncd5 Bd8 15. Kh1 Nh5 16. c3 Nc6 17. b4 Ne7 18. Bb3
Kh8 19. Rb1 $16 {1-0 Wells,P-Coleman,D/Torquay 1998/CBM 66 ext (29)}) 9. Ne3
O-O (9... a6 10. a4 Nb4 11. Qe2 Qc7 12. O-O O-O 13. f4 exf4 14. Rxf4 Bxc4 15.
dxc4 Nc6 16. Nf5 Nd4 17. Qf2 Nxf5 18. Rxf5 Nd7 19. Nd5 Qd8 20. b3 $16 {1-0
Hracek,Z-Degraeve,J/Koszalin POL 1999 (45)}) 10. O-O Ne8 (10... a6 11. a3 b5
12. Ba2 Bxa2 13. Rxa2 Qd7 14. Ra1 Bd8 15. f4 exf4 16. Rxf4 Nd4 17. Rf2 Rb8 18.
Bd2 Ne6 19. Kh1 Nc7 20. Qf3 Nfe8 21. Ne2 Bf6 22. c3 g6 23. Ng4 Bg7 24. Nh6+
Bxh6 25. Bxh6 Ng7 26. Ng3 $16 {1-0 Adams,M-Womacka,M/Germany 1997/GER-chT (49)}
) 11. g3 $1 $146 {[%mdl 8]} (11. f4 exf4 12. Rxf4 Bg5 13. Rf1 Nc7 14. Ned5 Bxc1
15. Rxc1 Ne7 16. Nxc7 Qxc7 17. Qh5 Ng6 $14 {1-0 Blehm,P-Gershon,A/Yerevan ARM
1999 (44)}) (11. Ncd5 Bg5 12. f4 exf4 13. Nxf4 Bxf4 14. Rxf4 Bxc4 15. Nxc4 d5
16. exd5 Qxd5 17. Qf3 Nc7 18. Qf2 Ne6 19. Rf5 Qd7 20. Be3 b6 21. Qg3 Ncd4 $15 {
0-1 Aagaard,J-Schandorff,L/Copenhagen DEN 1999 (41)}) 11... Nc7 12. a3 a6 (
12... Rb8 $142 13. Ned5 Qd7 (13... b5 $2 14. Nxc7 bxc4 15. Nxe6 fxe6 16. dxc4
Nd4 17. b3 $16) 14. f4 exf4 15. gxf4 Bg4 16. Nxe7+ (16. Qe1 Nd4 $36) 16... Nxe7
$11) 13. Ncd5 {White's plan is to play f3-f4 at some point, therefore, he
leaves a knight on e3 to protect the g4 square which will be weakenned after
the advance.Usually when white leaves his knight on e3 in this variation black
exchages it by playing Bg5, of course, after g3 it isn't the best idea black
can think of.} (13. Ned5 b5 14. Ba2 Rb8 $14 (14... b4 15. axb4 cxb4 16. Nxc7
Qxc7 17. Nd5 $16)) 13... b5 14. Ba2 Rb8 15. c3 Re8 (15... Bg5 16. f4 exf4 17.
gxf4 Bh6 18. Qh5 $16) 16. f4 exf4 17. gxf4 Bf8 18. Nxc7 (18. f5 $5 {is giving
up some squares in the center, but on the other hand forces black to exchange
his white square bishop and the white one is left without an opponent.} Bxd5
19. Nxd5 Ne5 20. Nxc7 Qxc7 21. Bd5 $36) 18... Qxc7 19. b4 $1 {Stopping black's
counterplay and opening the second rank to transfer the rook to attack later
in the game.} a5 20. f5 Bxa2 21. Rxa2 axb4 (21... Ne5 22. Nd5 Qd8 23. Rg2 $16)
22. axb4 Kh8 (22... cxb4 23. Nd5 Qd8 (23... Qc8 $5 24. Rg2 (24. cxb4 Nxb4 25.
Nxb4 Qc5+ $17) 24... Kh8 25. Qh5 $40) 24. cxb4 $16) 23. Nd5 Qd8 24. Rg2 Ra8 25.
Qh5 Ne5 (25... Ra7 26. Bg5 f6 27. Nxf6 $1 gxf6 28. Bxf6+ Qxf6 29. Qxe8 Ne5 30.
Kh1 $18 {[%cal Gf1g1,Gg2g8]}) 26. d4 cxd4 27. cxd4 Nd7 $4 (27... Nc6 $142 28.
Rg4 (28. Qxf7 $140 $2 Ra7 29. Qh5 Rxe4 $132) 28... Ra7 29. Rh4 (29. Bg5 $2 f6
30. Nxf6 gxf6 31. Bxf6+ Qxf6 32. Qxe8 Nxd4 33. Kh1 Rg7 34. Rxg7 Kxg7 35. Rg1+
Kh8 $11) 29... h6 30. f6 Re6 31. Kh1 $1 g6 32. Qxh6+ $1 (32. Bxh6 gxh5 33. Rxh5
Rxf6 34. Bxf8+ Kg8 35. Nxf6+ Kxf8 36. Rh8+ Ke7 37. Nd5+ Kd7 38. Rxf7+ Ke6 39.
Rxd8 Rxf7 40. Re8+ Kd7 41. Rg8 Nxd4 $16) 32... Bxh6 33. Bxh6 Kg8 34. Bg7 $18)
28. Qxf7 Rxe4 29. Bh6 1-0